000 02247nam0a2200373 4500
001 RU\NLR\bibl\1520920
005 20250616030659.0
010 _a978-5-7267-0519-4
_9130
021 _aRU
_b2010-33743
_92255
035 _a(nilc)RSL-KNO-004641141
035 _a(NLR Aleph) 001512282
090 _a88128
_c88128
100 _a20100513d2009 |||y0rusy50 ca
101 0 _arus
102 _aRU
105 _aa |||||||||
200 1 _aСтандартизация растениеводческой продукции
_eучебное пособие для студентов очной и заочной форм обучения по специальности 110305 "Технология производства и переработки сельскохозяйственной продукции"
_fС.В. Калашникова, В.И. Манжесов
_gМ-во сел. хоз-ва Рос. Федерации, ФГОУ ВПО "Воронеж. гос. аграр. ун-т им. К.Д. Глинки"
210 _aВоронеж
_cВоронежский государственный аграрный университет
_d2009
215 _a315 с.
_cил., портр.
_d21
320 _aБиблиогр.: с. 313 (6 назв.)
606 1 _aРастительные продукты
_jУчебные издания для высших учебных заведений
_xСтандартизация
_92280127
_3RU\NLR\auth\661366145
610 0 _aПищевые производства -- Пищевые продукты. Товароведение пищевых продуктов -- Виды продуктов по происхождению -- Растительные продукты -- Стандартизация -- Учебник для высшей школы
686 _aЛ80-95ц.я73-1
_2rubbk
686 _aЛ91ц.я73-1
700 1 _aКалашникова
_bС. В.
_gСветлана Викторовна
_4070
701 1 _aМанжесов
_bВ. И.
_gВладимир Иванович
_4070
801 0 _aRU
_bРГБ
_c20100513
_grcr
801 1 _aRU
_bРГБ
_c20100513
801 2 _aRU
_bNLR
_c20100608
_grcr
830 _aавт. по кн.
942 _cBOOK
980 _aNB
980 _aNBR